| 000 | 04577nam a2200361 i 4500 | ||
|---|---|---|---|
| 003 | AGN | ||
| 005 | 20260520135711.0 | ||
| 007 | ta | ||
| 008 | 260520e20102025dr ao||gco||||||1 |bspa ||spa| | ||
| 011 | _a | ||
| 020 | _a978-9945-25-146-3 | ||
| 040 |
_aAGNRD _bspa _cDO-SdBNP _eRDA |
||
| 041 | _aspa | ||
| 082 |
_aRD 864.5 _2T266c 2025 _b22 |
||
| 100 | 1 |
_aTejeda Ortiz, Dagoberto, _d1940- _920837 _eautor |
|
| 245 | 0 |
_aContra el olvido / _cDagoberto Tejeda Ortiz ; cuidado de edición a cargo de la División de Publicaciones ; diagramación y diseño de cubierta por Yenifer de la Rosa. |
|
| 264 |
_aSanto Domingo, República Dominicana : _bArchivo General de la Nación, _c2025. |
||
| 300 | 4 |
_aTomo I : _bilustraciones, fotografías ; _c23 x 15 cm. |
|
| 336 |
_atexto _btxt _2rdacontent |
||
| 337 |
_asin mediación _bn _2rdamedia |
||
| 338 |
_avolumen _bnc _2rdacarrier |
||
| 490 | 0 |
_aArchivo General de la Nación ; _vvolumen 549. |
|
| 500 | _aIncluye biografía del autor en la solapa. | ||
| 505 | 0 | _aIntroducción 13 -- INTELECTUALES : El Hugo Tolentino Dipp que yo conocí 21 -- Franklin Franco: El sociólogo de la dominicanidad 27 -- Carlos Esteban Deive: Por los caminos del cimarronaje 31 -- Roque Adames Rodríguez: La solidaridad del monseñor 35 -- ARTISTAS : Norberto James: El poeta cocolo 41 -- Anthony Ríos: El bohemio y la leyenda 47 -- José Ignacio: El artista de los metales 53 -- Narciso González Medina, Narcisazo: Cuando la poesía es contestataria 57 -- Jenny Polanco: Creatividad e identidad cultural 61 -- Víctor Víctor somos todos 65 -- Aníbal de Peña: El cantor de la patria 69 -- CARNAVALEROS : Fidelina: La soñadora de Río San Juan 77 -- Pipí: El roba la gallina de Ana Isa 81 -- Papá Lilo: El último gran jefe de carnaval 85 -- El chino que se vestía de «diabla» en el carnaval 89 -- Felipe Abreu: Pasión por el carnaval vegano 95 -- «Linda»: El último jefe guloya 99 -- Walteryen: El robalagallina de San Cristóbal 103 -- José Datt: El roba la gallina de Montecristi 109 -- MAESTROS : June Rosenberg: La antropóloga de la isla 115 -- La Yvelisse Prats de Pérez que yo conocí 119 -- Hermanas Bucarelly: Maestras por amor 123 -- Magaly Pineda: Feminismo y revolución 127 -- Chiappini: Odontología y revolución 131 -- Mis tres maestras cocolas 135 -- El Dr. Cantizano: Raíces e identidad 139 -- Josefina Padilla: Heroína de la patria 145 -- Doña Rosa: La Flor de Gurabo 151 -- ANCESTROS : Fradique murió para nacer 159 -- Máximo Rodríguez: Pasión por la identidad 165 -- José Castillo Méndez: Pasión por el folklore 169 -- El Miguel Cocco que yo conocí 173 -- Sonia Silvestre: La cantora del pueblo y del amor 179 -- José Rodríguez: El poeta de la ternura 185 -- El Luis Días que yo conocí 189 -- Héctor Gerardo: La dignidad del «Pueblo Abajo» 197 -- Corporán: El campeón de la televisión dominicana 201 -- Carlos Pimentel: Dignidad y revolución 207 -- Temito: El último jefe cachúa 211 -- PATRIOTAS : Cuando los Palmeros se llenaron de gloria 219 -- Caamaño: El Comandante de Abril 225 -- Donde cayó Manolo hay una flor 231 -- El Juan Bosch que yo conocí 237 -- José Francisco Peña Gómez: El gigante de la luz 241 -- Hamlet: El maestro guerrillero 245 -- Claudio Caamaño: El dueño de la montaña 249 -- El Moreno: El guerrillero ideológico 253 -- Fe Ortega: La odontóloga revolucionaria 257 -- Las hermanas Mirabal: Las Mariposas de Salcedo 261 -- Mamá Tingó: Mártir campesina 265 -- Aniana Vargas: Patria y ecología 271 -- Toribio Peña Jáquez: Guerrillero y revolucionario 275 -- Piky Lora: Guerrillera y revolucionaria 281 -- Homero Hernández: Pasión revolucionaria 287 -- Amaury: Con cinco estrellas en la frente 293 -- Iván Rodríguez Pilier: Revolucionario e identidad 299 -- Juan Miguel Román: La dignidad revolucionaria 303 -- Máximo Gómez: El Napoleón de la Guerrilla 309 | |
| 520 | _aSe trata de ensayos biográficos de personajes tradicionales dominicanos. La expresión de la cultura, la religión, los ritos paganos, el carnaval, etc., se desbordan bajo el lápiz de Dagoberto Tejeda para dejar plasmadas en nuestras mentes las huellas que nos legaron las personas descritas en estos ensayos. | ||
| 590 | _aInventariado, 2026/WG. | ||
| 650 | 7 |
_aLiteratura dominicana _91994 |
|
| 650 | 7 |
_aEnsayos dominicanos _91961 |
|
| 650 |
_946794 _aCultura _xRepública Dominicana |
||
| 700 |
_aRosa, Yenifer de la _ediagramación _ediseño de cubierta _989660 |
||
| 710 |
_aDivisión de Publicaciones _ecuidado de edición _989665 |
||
| 942 |
_2ddc _cLBS1 |
||
| 999 |
_c60791 _d60791 |
||